| 000 | 00398cam a2200169 4500 | ||
|---|---|---|---|
| 001 | D12869 | ||
| 008 | 090401t1932 xxu||||| |||| 00| 0 eng d | ||
| 035 | _a(Sirsi) u6406 | ||
| 041 | _aeng | ||
| 100 | _aGruber, O. Von | ||
| 245 | _aPhotogrammetry, collected lectures and essays | ||
| 260 |
_bChapman and Hall _c1932 |
||
| 350 | _a0 | ||
| 520 | _aShelf 181 | ||
| 942 | _n0 | ||
| 948 | _c04/03/1997 | ||
| 999 |
_c86290 _d86290 |
||